000 00330nam a22001457a 4500
008 221121b ||||| |||| 00| 0 eng d
020 _a9780205827190
041 _aeng
080 _2TENTH EDITION
_a610.73
082 _a610.73 NIC
100 _a7
101 _aMJK
245 _aFAMILY THERAPY
_cNICHOLS P.M
942 _2udc
_cBK
999 _c58994
_d58994